Представление документа в формате RUSMARC

ПолеНазваниеЗначение
  Тип записи a
  Библиографический уровень m
001 Контрольный номер 57b51decf33b4c34a1a413f0e57fd3b2
005 Дата корректировки 20180904125335.6
010 Индекс ISBN __
a ISBN 978-5-905916-02-1
100 Данные общей обработки __
a Данные общей обработки 20051014d2005 |||y0rusy0189
101 Язык документа 0_
a Язык текста rus
102 Страна публикации __
a Страна публикации RU
200 Заглавие и сведения об ответственности 1_
b Общее обозначение материала Текст
a Заглавие Развитие институциональной среды кооперативного сектора экономики Поволжского региона на основе применения логистических инструментов
e Сведения, относящиеся к заглавию Монография
f Первые сведения об ответственности Н. Ю. Шадченко
210 Выходные данные 1_
a Место издания Энгельс
c Издательство Ред.-изд.центр ПКИ
d Дата издания 2013
215 Физическое описание __
a Объем 120 с.
300 Общие примечания __
a Общие примечания для аспирантов, бакалавров
610 Ключевые слова 1_
a Ключевые слова монография
a Ключевые слова кооперация
a Ключевые слова кооперативный сектор
a Ключевые слова характеристики потребительской кооперации
a Ключевые слова модели развития кооперации
a Ключевые слова региональная экономика
a Ключевые слова логистика
a Ключевые слова Поволжский регион
a Ключевые слова бакалавриат
a Ключевые слова аспирантура
686 Индексы других классификаций __
a Классификационный индекс 65.9
2 Код системы rubbk
700 Автор _1
a Фамилия Шадченко
b Имя Н. Ю.
4 Код отношения 070
801 Источник записи _1
a Страна RU
b Организация РУК
852 Данные о местонахождении 5_
i Авторский знак Ш 16
j Шифр хранения ББК 65.9
901 Тип документа __
t Тип документа m
937 Технологическая информация __
a Создатель записи (имя) Завалишина
938 Служебная информация __
a Название организации Поволжский филиал
952 Тип литературы __
b Гриф литературы для ВШ гриф
c Вид литературы монография